Estudio matemático de las colas /

Guardado en:
Autor Principal: Cox, D. R.
Otros Autores: Smith, Walter L. 1926-
Formato: Libro
Idioma:Spanish
English
Publicado: México : Unión Tipográfica Editorial Hispano Americana, c1964.
Edición:1ª ed. en español.
Series:Manuales UTHEA ; no. 180/180a
Etiquetas: Agregar Etiqueta
Sin Etiquetas, Sea el primero en etiquetar este registro!
LEADER 00923nam a22002295a 4500
001 MAT.inmabb004505
008 070418s1964####mx#######b####001#0#spa#d
005 20160406171530.0
245 1 0 |a Estudio matemático de las colas /  |c por D. R. Cox y Walter L. Smith ; traducción al español por el Ing. Tomás S. Garza. 
250 |a 1ª ed. en español. 
260 |a México :  |b Unión Tipográfica Editorial Hispano Americana,  |c c1964. 
300 |a viii, 218 p. ;  |c 18 cm. 
440 0 |a Manuales UTHEA ;  |v no. 180/180a 
500 |a Traducción de: Queues. London : Methuen, 1961. 
504 |a Incluye referencias bibliográficas (p. 194-200) e índices. 
510 4 |a MR,  |c 24 #A3012  |3 (de la versión original) 
100 1 |a Cox, D. R.  |q (David Roxbee) 
240 1 0 |a Queues.  |l Español 
700 1 |a Smith, Walter L.  |q (Walter Laws),  |d 1926- 
084 |a 60K25  |2 msc2000 
041 1 |a spa  |h eng 
859 |h 60  |i C877qe  |p A-6217  |b BIB. MATEMATICA